[Event "AUT-ch U12 Girls"]
[Site "St Veit"]
[Date "2017.06.04"]
[Round "4.7"]
[White "Danninger, Franziska"]
[Black "Reitbauer, Elena"]
[Result "0-1"]
[WhiteElo "800"]
[BlackElo "986"]
[PlyCount "82"]
[EventDate "2017.06.03"]
[EventType "swiss"]
[EventRounds "7"]
[EventCountry "AUT"]
[SourceTitle "EXT 2024"]
[Source "ChessBase"]
[SourceDate "2023.10.10"]
[SourceVersion "1"]
[SourceVersionDate "2023.10.10"]
[SourceQuality "1"]

1. e4 e5 2. Nf3 Nc6 3. Nc3 Nf6 4. Bc4 Bc5 5. d3 0-0 6. Qe2 Nd4 7. Nxd4 Bxd4 8. Nd5 h6 9. 0-0 d6 10. h3 c6 11. Nxf6+ Qxf6 12. Bb3 Qg6 13. Qf3 Be6 14. c3 Bb6 15. Re1 a5 16. Be3 Bxe3 17. Rxe3 b5 18. Bc2 d5 19. b3 d4 20. cxd4 exd4 21. Re2 c5 22. Rb1 f5 23. e5 Rfe8 24. Qc6 f4 25. a4 bxa4 26. bxa4 Rac8 27. Qf3 Bf5 28. Qxf4 Bxh3 29. Qf3 Bg4 30. Bb3+ Kh8 31. Qf7 Qxf7 32. Bxf7 Rf8 33. Re4 Bf5 34. Ree1 Rxf7 35. e6 Re7 36. Re5 Bxd3 37. Rb6 c4 38. Rb2 c3 39. Ra2 c2 40. Ra1 c1Q+ 41. Rxc1 Rxc1+ 0-1

[Event "AUT-ch U10 Girls"]
[Site "Woerth"]
[Date "2015.06.07"]
[Round "7.2"]
[White "Hirzinger, Lea"]
[Black "Reitbauer, Elena"]
[Result "1-0"]
[WhiteElo "1165"]
[BlackElo "1044"]
[PlyCount "87"]
[EventDate "2015.06.05"]
[EventType "swiss"]
[EventRounds "7"]
[EventCountry "AUT"]
[SourceTitle "EXT 2024"]
[Source "ChessBase"]
[SourceDate "2023.10.10"]
[SourceVersion "1"]
[SourceVersionDate "2023.10.10"]
[SourceQuality "1"]

1. e4 e5 2. Nf3 Nc6 3. Bc4 Nf6 4. d3 d5 5. exd5 Nxd5 6. Bb5 Bd7 7. Bxc6 Bxc6 8. c4 Nf4 9. Bxf4 exf4 10. 0-0 Be7 11. Nc3 Qd6 12. Ne4 Bxe4 13. dxe4 Qxd1 14. Raxd1 c5 15. Rfe1 0-0 16. Rd7 Bf6 17. Rxb7 Rfe8 18. e5 Bd8 19. b3 f6 20. exf6 Bxf6 21. Rxe8+ Rxe8 22. h3 Ra8 23. Rc7 Bd4 24. Nxd4 cxd4 25. Rd7 g5 26. Rxd4 h6 27. c5 Rc8 28. b4 Rc6 29. Rd5 a6 30. a4 Re6 31. b5 axb5 32. axb5 Re8 33. Rd7 Rc8 34. c6 Kf8 35. Rh7 Kg8 36. Rb7 Kf8 37. c7 Ke7 38. b6 Kd7 39. Rb8 h5 40. Kf1 g4 41. h4 g3 42. f3 Rxc7 43. bxc7 Kxc7 44. Rh8 1-0

[Event "AUT-ch U10 Girls"]
[Site "Woerth"]
[Date "2015.06.05"]
[Round "2.2"]
[White "Reitbauer, Elena"]
[Black "Enache, Dorothea"]
[Result "0-1"]
[WhiteElo "1044"]
[BlackElo "1270"]
[PlyCount "46"]
[EventDate "2015.06.05"]
[EventType "swiss"]
[EventRounds "7"]
[EventCountry "AUT"]
[SourceTitle "EXT 2024"]
[Source "ChessBase"]
[SourceDate "2023.10.10"]
[SourceVersion "1"]
[SourceVersionDate "2023.10.10"]
[SourceQuality "1"]

1. e4 e5 2. Nf3 Nc6 3. Nc3 Nf6 4. d4 exd4 5. Nxd4 Bb4 6. Nxc6 bxc6 7. Bd2 Bxc3 8. Bxc3 0-0 9. Bxf6 Qxf6 10. c3 Re8 11. f3 d5 12. Bd3 Bf5 13. Qe2 dxe4 14. 0-0 exd3 15. Qd2 Qg6 16. g4 Re2 17. Qf4 Be6 18. Rae1 Qh6 19. Qxh6 gxh6 20. Rxe2 dxe2 21. b3 exf1Q+ 22. Kxf1 Rd8 23. Kg2 Kf8 0-1